00290nam a2200109Ia 4500008004100000082001400041100002400055245004200079260002800121300000800149650002300157191201s2019 xx 000 0 und d a615.1 BHH aBhardwaj, Lokesh. k 0aHealth Education & Community Pharmacy bR.Narain PubaNew Delhi a144 aCommunity Pharmacy